| 000 | 01067nam a22002417a 4500 | ||
|---|---|---|---|
| 005 | 20080616115656.0 | ||
| 008 | 080616t xxu||||| |||| 00| f hin d | ||
| 010 | _aHIN-83834 | ||
| 020 |
_c150.00 _a9788190438445 |
||
| 035 | _aHN-56180 | ||
| 037 | _bDBAD / PUB | ||
| 040 |
_aDPL _bHN |
||
| 082 | _aउ | ||
| 100 | _aद्विवेदी, पुष्कर | ||
| 245 |
_aरास्ता तो है.../ _cपुष्कर द्विवेदी |
||
| 246 |
_aRasta to hai _bby Pushkar Dwivedi |
||
| 260 |
_aइलाहाबाद _bएकता प्रकाशन _c2007 |
||
| 270 |
_aअलोपीबाग कालोनी _bइलाहाबाद _e211006 |
||
| 300 |
_a132पृ _c22सेमी(सजिल्द) |
||
| 650 | _aHindi Novels | ||
| 942 |
_cHN _2ddc _hउ _m द्विवेदी |
||
| 999 |
_c14439 _d14439 |
||